Online Catalogue and eLibrary

Sri Lanka : (Record no. 575)

MARC details
000 -LEADER
fixed length control field 00431nam a22001577a 4500
005 - DATE AND TIME OF LATEST TRANSACTION
control field 20240315065249.0
008 - FIXED-LENGTH DATA ELEMENTS--GENERAL INFORMATION
fixed length control field 240315b |||||||| |||| 00| 0 eng d
020 ## - INTERNATIONAL STANDARD BOOK NUMBER
ISBN 9559026999
082 ## - DDC Classification
DDC Edition Number 22
Class No. 323.4
Item Number - Author Mark SRI.
245 ## - TITLE STATEMENT
Title Sri Lanka :
Remainder of title State of Human Rights /
Statement of responsibility, etc. Law & Society Trust .
260 ## - PUBLICATION, DISTRIBUTION, ETC.
Place of publication, distribution, etc. Colombo :
Name of publisher, distributor, etc. Law & Society Trust /
Date of publication, distribution, etc. 2005.
300 ## - PHYSICAL DESCRIPTION
Extent (e.g. Volumes, Pages etc.) xxi, 322 p.,
650 ## - SUBJECT ADDED ENTRY--TOPICAL TERM
Topical term or geographic name entry element Nationalism
650 ## - SUBJECT ADDED ENTRY--TOPICAL TERM
Topical term or geographic name entry element Law & Rights.
942 ## - Koha item type (Biblio)
Koha item type Books in Stacks (Lending)
Holdings
Lost status Damaged status Collection code Home library Current library Date acquired Full call number Accession Number Item type
    Lending WERC Library WERC Library 03/15/2024 323.4 SRI. 5642 Books in Stacks (Lending)

© WERC Library